Диагностирование электрических цепей: учебное пособие

Bibliographische Detailangaben
1. Verfasser: Гольдштейн Е. И. Ефрем Иосифович
Körperschaft: Томский политехнический университет
Zusammenfassung:В пособии рассмотрены вопросы диагностирования электрических цепей по массивам мгновенных значений токов и напряжений. Приводятся основы дискретизированной электротехники и на ряде примеров и упражнений показываются возможности ее использования при диагностировании электрических цепей с известной топологией. Предназначено для студентов и магистрантов направления 140200 «Электроэнергетика», специальностей 140203 «Релейная защита и автоматизация электроэнергетических систем», 140204 «Электрические станции» и 140205 «Электроэнергетические системы и сети». Может быть полезно специалистам, занимающимся проблемами контроля и диагностирования электрооборудования в электроэнергетике и электромеханике.
Sprache:Russisch
Veröffentlicht: Томск, Изд-во ТПУ, 2006
Schriftenreihe:Учебники Томского политехнического университета
Schlagworte:
Format: MixedMaterials Buch
KOHA link:https://koha.lib.tpu.ru/cgi-bin/koha/opac-detail.pl?biblionumber=116742

MARC

LEADER 00000nam0a2200000 4500
001 116742
005 20260414144319.0
035 |a (RuTPU)RU\TPU\book\126331 
090 |a 116742 
100 |a 20070525d2006 m y0rusy50 ca 
101 0 |a rus 
102 |a RU 
105 |a a j 001zy 
200 1 |a Диагностирование электрических цепей  |e учебное пособие  |f Е. И. Гольдштейн  |g Томский политехнический университет 
210 |a Томск  |c Изд-во ТПУ  |d 2006 
215 |a 152 с.  |c ил. 
225 1 |a Учебники Томского политехнического университета 
320 |a Библиогр.: с. 151. 
330 |a В пособии рассмотрены вопросы диагностирования электрических цепей по массивам мгновенных значений токов и напряжений. Приводятся основы дискретизированной электротехники и на ряде примеров и упражнений показываются возможности ее использования при диагностировании электрических цепей с известной топологией. Предназначено для студентов и магистрантов направления 140200 «Электроэнергетика», специальностей 140203 «Релейная защита и автоматизация электроэнергетических систем», 140204 «Электрические станции» и 140205 «Электроэнергетические системы и сети». Может быть полезно специалистам, занимающимся проблемами контроля и диагностирования электрооборудования в электроэнергетике и электромеханике. 
606 1 |a Электрические цепи  |x Техническая диагностика  |2 stltpush  |3 (RuTPU)RU\TPU\subj\27756  |9 51457 
610 1 |a электротехника 
610 1 |a процедуры 
610 1 |a сигналы 
610 1 |a спектральный анализ 
610 1 |a ток 
610 1 |a напряжения 
610 1 |a линейные электрические цепи 
610 1 |a диагностирование 
610 1 |a нелинейные электрические цепи 
610 1 |a учебные пособия 
675 |a 621.3.011.7(075.8)  |v 3 
700 1 |a Гольдштейн  |b Е. И.  |c специалист в области электроэнергетики  |c доцент Томского политехнического университета  |f 1929-  |g Ефрем Иосифович  |9 11307 
712 0 2 |a Томский политехнический университет  |3 (RuTPU)RU\TPU\col\376 
801 1 |a RU  |b 63413507  |c 20070525  |g PSBO 
801 2 |a RU  |b 63413507  |c 20200207  |g PSBO 
942 |c BK